The Simpsons: Pick the Parody Quiz Stats

 Plays Quiz Updated Feb 1, 2018

Also try: The Simpsons A-Z
Challenge
Share
Tweet
Embed
Score 0/24 Timer 04:00
0 Plays Today
The Simpsons Real Company/Brand % Correct
Kentucky Fried PandaPanda Express/KFC
94.6%
Krusty BurgerMcDonald's
89.9%
Sprawl-MartWalmart
88.8%
Lackluster VideoBlockbuster
88.7%
Malibu StacyBarbie
87.9%
I.P.O. Friday'sT.G.I. Friday's
87.1%
Funtendo ZiiNintendo Wii
86.6%
Cosmic WarsStar Wars
85.3%
CostMoCostco
83.9%
Itchy and ScratchyTom and Jerry/Disney
82.9%
Blue Bronco Energy DrinkRed Bull
80.3%
TexxonTexaco/Exxon
77.9%
The Simpsons Real Company/Brand % Correct
MappleApple
74.3%
Shary BobbinsMary Poppins
73.3%
Wall E. Weasel'sChuck E. Cheese's
61.3%
Rainier WolfcastleArnold Schwarzenegger
61%
SquisheeSlurpee
57.5%
Planet HypePlanet Hollywood
53.2%
BlockoLEGO
52.7%
U ToteU-Haul
48.5%
Better Homes Than YoursBetter Homes & Gardens
44.4%
SpringFaceFacebook
43.4%
SciencewaterVitamin Water
30.5%
Angelica ButtonHarry Potter
16.6%

You're not logged in!

Compare scores with friends on all Sporcle quizzes.
OR
Log In

You Might Also Like...

Show Comments

Extras

Top Quizzes Today


Score Distribution

Your Account Isn't Verified!

In order to create a playlist on Sporcle, you need to verify the email address you used during registration. Go to your Sporcle Settings to finish the process.

Report this User

Report this user for behavior that violates our Community Guidelines.

Details: